Top 5 European Leagues Top Clean Sheets: 2013/14 - Statistics

General Stats
  • This quiz has been taken 8 times
  • The average score is 13 of 28
Answer Stats
League Clean Sheets Club Nationality Player % Correct
Serie A 20 Juventus Italy Gianluigi Buffon
100%
Bundesliga 15 Bayern Munich Germany Manuel Neuer
100%
Premier League 16 Chelsea Czechia Petr Cech
100%
Premier League 16 Everton USA Tim Howard
100%
Premier League 14 Tottenham France Hugo Lloris
88%
La Liga 17 Levante Costa Rica Keylor Navas
88%
Serie A 16 Inter Slovenia Samir Handanovic
88%
La Liga 20 Atletico Madrid Belgium Thibaut Courtois
88%
Primeira Liga 14 Benfica Slovenia Jan Oblak
75%
La Liga 12 Real Sociedad Chile Claudio Bravo
63%
Bundesliga 10 Borussia Dortmund Germany Roman Weidenfeller
63%
La Liga 13 Barcelona Spain Victor Valdes
63%
Premier League 16 Arsenal Poland Wojciech Szczesny
50%
Bundesliga 9 Eintracht Frankfurt Germany Kevin Trapp
38%
Bundesliga 9 Borussia Monchengladbach Germany Marc-Andre ter Stegen
38%
Bundesliga 11 Schalke Germany Ralf Fahrmann
38%
La Liga 16 Real Madrid Spain Diego Lopez
25%
Primeira Liga 15 Sporting Portugal Rui Patricio
25%
La Liga 12 Malaga Argentina Willy Caballero
25%
Premier League 14 Southampton Poland Artur Boruc
13%
Serie A 21 Roma Italy Morgan De Sanctis
13%
Serie A 13 Parma Italy Antonio Mirante
0%
Primeira Liga 12 Guimaraes Brazil Douglas Jesus
0%
Bundesliga 9 Mainz Germany Loris Karius
0%
Primeira Liga 11 Belenenses England Matt Jones
0%
Serie A 12 Fiorentina Brazil Neto
0%
Primeira Liga 11 Academica Portugal Ricardo Nunes
0%
Primeira Liga 12 Estoril Brazil Vagner
0%
No matching quizzes found
Score Distribution
Percent of People with Each Score
Percentile by Number Answered
Your Score History
You have not taken this quiz